[Event "Titled Tuesday intern op 25th Jul Early"]
[Site "Chess.com INT"]
[Date "2023.07.25"]
[Round "2"]
[White "Duda, Jan Krzysztof"]
[Black "Zahmati, Sobhan"]
[Result "0-1"]
[WhiteElo "2732"]
[BlackElo "2308"]
[PlyCount "118"]
[EventDate "2023.07.25"]
[EventType "swiss (blitz)"]
[EventRounds "11"]
[EventCountry "USA"]
[SourceTitle "EXT 2024"]
[Source "ChessBase"]
[SourceDate "2023.10.10"]
[SourceVersion "1"]
[SourceVersionDate "2023.10.10"]
[SourceQuality "1"]

1. e4 c5 2. Nf3 d6 3. Nc3 a6 4. Be2 Nf6 5. 0-0 g6 6. d4 cxd4 7. Nxd4 Bg7 8. a4 0-0 9. Be3 Nc6 10. f3 Bd7 11. Nb3 Rb8 12. a5 Ne5 13. Na4 d5 14. Bd4 Nc6 15. Bb6 Qe8 16. exd5 Nb4 17. Nc3 Rc8 18. Bc5 Rxc5 19. Nxc5 Qc8 20. Nxd7 Qxd7 21. Qd2 Qc7 22. Rfd1 Rd8 23. Kh1 Nbxd5 24. Nxd5 Rxd5 25. Qc3 Rc5 26. Qe3 Bh6 27. Qxh6 Rh5 28. Qxh5 Nxh5 29. c4 Nf4 30. Bf1 h5 31. b4 h4 32. c5 Nh5 33. Rd4 Qe5 34. Rad1 h3 35. g3 Nf6 36. Bxh3 Qe2 37. Bg2 Qc2 38. Re1 e5 39. Rd6 Kg7 40. Rb6 Qd2 41. Rg1 Nd5 42. Rd6 Qa2 43. f4 e4 44. Bxe4 Nxb4 45. Bxb7 Qc4 46. c6 Qe4+ 47. Rg2 Nc2 48. h4 Ne1 49. Rdd2 Nf3 50. Rd1 Qe6 51. f5 Qxf5 52. g4 Qf6 53. Rg3 Qf4 54. Kg2 Nxh4+ 55. Kh3 Nf5 56. gxf5 Qxf5+ 57. Kh2 Qc2+ 58. Kh3 Qxd1 59. Rc3 Qh1+ 0-1

[Event "Tehran zt 3.1"]
[Site "Tehran"]
[Date "2023.05.28"]
[Round "7"]
[White "Zahmati, Sobhan"]
[Black "Daneshvar, Bardiya"]
[Result "1/2-1/2"]
[WhiteElo "2123"]
[BlackElo "2540"]
[PlyCount "77"]
[EventDate "2023.05.23"]
[EventType "swiss"]
[EventRounds "9"]
[EventCountry "IRI"]
[SourceTitle "CBM 214 Extra"]
[Source "ChessBase"]
[SourceDate "2023.07.31"]
[SourceVersion "1"]
[SourceVersionDate "2023.07.31"]
[SourceQuality "1"]

1. c4 e5 2. Nc3 Nf6 3. Nf3 Nc6 4. e4 h6 5. a3 d6 6. d4 Bg4 7. d5 Nd4 8. Be2 Nxe2 9. Qxe2 Be7 10. h3 Bd7 11. 0-0 0-0 12. Ne1 c6 13. f4 exf4 14. Bxf4 cxd5 15. cxd5 Re8 16. Nd3 Rc8 17. Rae1 Nh7 18. Qf2 Bf6 19. Bxd6 Rxc3 20. bxc3 Bb5 21. e5 Bxd3 22. exf6 Bxf1 23. Rxe8+ Qxe8 24. Qxf1 Nxf6 25. c4 Qe3+ 26. Kh2 Ne4 27. Qf4 Qd3 28. Be7 Nd2 29. Bb4 Nxc4 30. Qb8+ Kh7 31. Qxb7 Qe4 32. Qxf7 Ne3 33. Qf3 Qxf3 34. gxf3 Nxd5 35. Bc5 a6 36. Kg3 Kg6 37. Bd4 Kf7 38. Kg4 g6 39. h4 1/2-1/2

[Event "Tehran zt 3.1"]
[Site "Tehran"]
[Date "2023.05.27"]
[Round "6"]
[White "Darini, Pouria"]
[Black "Zahmati, Sobhan"]
[Result "1/2-1/2"]
[WhiteElo "2401"]
[BlackElo "2123"]
[PlyCount "65"]
[EventDate "2023.05.23"]
[EventType "swiss"]
[EventRounds "9"]
[EventCountry "IRI"]
[SourceTitle "CBM 214 Extra"]
[Source "ChessBase"]
[SourceDate "2023.07.31"]
[SourceVersion "1"]
[SourceVersionDate "2023.07.31"]
[SourceQuality "1"]

1. e4 c6 2. d4 d5 3. e5 Bf5 4. g4 Be4 5. f3 Bg6 6. e6 Qd6 7. exf7+ Bxf7 8. Nc3 Nd7 9. f4 g5 10. Nh3 gxf4 11. Bxf4 Qe6+ 12. Be2 Bh6 13. Qd2 0-0-0 14. Rf1 Bxf4 15. Qxf4 Bg6 16. Ng5 Qd6 17. Qxd6 exd6 18. Nf7 Bxf7 19. Rxf7 Rf8 20. Rxf8+ Nxf8 21. Bd3 Ne7 22. Kf2 Ne6 23. Ne2 h5 24. gxh5 Rxh5 25. Kg1 Rh4 26. Re1 Kd7 27. c3 a6 28. Ng3 c5 29. Nf5 Rg4+ 30. Kh1 Rg5 31. Nxe7 Kxe7 32. dxc5 dxc5 33. Re3 1/2-1/2

[Event "IRI-ch 56th"]
[Site "Kerman"]
[Date "2023.05.19"]
[Round "11"]
[White "Gholami Orimi, Mahdi"]
[Black "Zahmati, Sobhan"]
[Result "1-0"]
[WhiteElo "2420"]
[BlackElo "2123"]
[PlyCount "49"]
[EventDate "2023.05.11"]
[EventType "tourn"]
[EventRounds "13"]
[EventCountry "IRI"]
[EventCategory "5"]
[SourceTitle "CBM 214 Extra"]
[Source "ChessBase"]
[SourceDate "2023.07.31"]
[SourceVersion "1"]
[SourceVersionDate "2023.07.31"]
[SourceQuality "1"]

1. d4 Nf6 2. c4 g6 3. Nc3 Bg7 4. h4 d6 5. e4 0-0 6. Be2 c5 7. d5 e6 8. h5 exd5 9. exd5 Re8 10. Kf1 Ne4 11. Nxe4 Rxe4 12. hxg6 hxg6 13. Nf3 Bg4 14. Bg5 Bf6 15. Be3 Qe7 16. Qd2 Nd7 17. Bd3 Re8 18. Re1 Ne5 19. Bxe4 Nxc4 20. Qc1 Qxe4 21. Bg5 Qd3+ 22. Kg1 Rxe1+ 23. Nxe1 Bxg5 24. Qxg5 Qd2 25. Qd8+ 1-0

[Event "IRI-ch 56th"]
[Site "Kerman"]
[Date "2023.05.17"]
[Round "9"]
[White "Daneshvar, Bardiya"]
[Black "Zahmati, Sobhan"]
[Result "1-0"]
[WhiteElo "2540"]
[BlackElo "2123"]
[PlyCount "65"]
[EventDate "2023.05.11"]
[EventType "tourn"]
[EventRounds "13"]
[EventCountry "IRI"]
[EventCategory "5"]
[SourceTitle "CBM 214 Extra"]
[Source "ChessBase"]
[SourceDate "2023.07.31"]
[SourceVersion "1"]
[SourceVersionDate "2023.07.31"]
[SourceQuality "1"]

1. c4 e6 2. g3 d5 3. Bg2 Nf6 4. Nf3 d4 5. d3 c5 6. e4 dxe3 7. Bxe3 Nc6 8. 0-0 Be7 9. Nc3 0-0 10. Re1 Qd7 11. d4 Rd8 12. dxc5 Ng4 13. Qe2 Nxe3 14. Qxe3 Qd3 15. Nd5 Qxe3 16. Nxe7+ Kf8 17. Rxe3 Kxe7 18. Ng5 Nd4 19. Rc1 Bd7 20. Nf3 Nf5 21. Rb3 Bc6 22. Ne5 Nd4 23. Bxc6 Nxb3 24. axb3 bxc6 25. Nxc6+ Kd7 26. Nxd8 Kxd8 27. b4 Kc7 28. b5 Rd8 29. Ra1 Kb8 30. c6 Rd4 31. b3 Rd3 32. c7+ Kxc7 33. Rxa7+ 1-0

[Event "IRI-ch 56th"]
[Site "Kerman"]
[Date "2023.05.11"]
[Round "1"]
[White "Zahmati, Sobhan"]
[Black "Tahmasebi, Hamid Reza"]
[Result "0-1"]
[WhiteElo "2123"]
[BlackElo "2171"]
[PlyCount "50"]
[EventDate "2023.05.11"]
[EventType "tourn"]
[EventRounds "13"]
[EventCountry "IRI"]
[EventCategory "5"]
[SourceTitle "CBM 214 Extra"]
[Source "ChessBase"]
[SourceDate "2023.07.31"]
[SourceVersion "1"]
[SourceVersionDate "2023.07.31"]
[SourceQuality "1"]

1. c4 Nf6 2. Nc3 d5 3. cxd5 Nxd5 4. Nf3 g6 5. h4 Nc6 6. h5 gxh5 7. Rxh5 Nb6 8. Qc2 Bg4 9. Rxh7 Nb4 10. Qb1 Nd3+ 11. exd3 Rxh7 12. d4 Rh6 13. Qe4 Bxf3 14. Qxf3 c6 15. d3 Re6+ 16. Be3 Qxd4 17. 0-0-0 Bh6 18. Ne4 Nc4 19. dxc4 Bxe3+ 20. Nd2 Bxf2 21. Be2 0-0-0 22. Nf1 Qe4 23. Qxf2 Qxe2 24. Rxd8+ Kxd8 25. Qd4+ Rd6 0-1

[Event "Titled Tuesday intern op 09th May Late"]
[Site "Chess.com INT"]
[Date "2023.05.09"]
[Round "1"]
[White "Zahmati, Sobhan"]
[Black "Ward, Ieuan C"]
[Result "0-1"]
[WhiteElo "2123"]
[BlackElo "2028"]
[PlyCount "153"]
[EventDate "2023.05.09"]
[EventType "swiss (blitz)"]
[EventRounds "11"]
[EventCountry "USA"]
[SourceTitle "CBM 214 Extra"]
[Source "ChessBase"]
[SourceDate "2023.07.31"]
[SourceVersion "1"]
[SourceVersionDate "2023.07.31"]
[SourceQuality "1"]

1. b3 e5 2. Bb2 Nc6 3. e3 Nf6 4. Bb5 Bd6 5. Ne2 0-0 6. d3 a6 7. Bxc6 dxc6 8. c4 Re8 9. Nbc3 Qe7 10. Qc2 Bf5 11. 0-0-0 b5 12. Ng3 Bg6 13. e4 a5 14. cxb5 cxb5 15. Nxb5 a4 16. bxa4 Nd7 17. Kb1 Nc5 18. Nxd6 cxd6 19. Ka1 Rxa4 20. d4 exd4 21. Rxd4 Rea8 22. Rxa4 Nxa4 23. Bd4 f6 24. Nf5 Qe6 25. Rc1 Bf7 26. a3 Nc5 27. Bxc5 dxc5 28. Qb2 g6 29. Ng3 Kg7 30. Rxc5 Rb8 31. Qc2 Rb3 32. Ra5 Qb6 33. Ra4 Qd6 34. Qc1 Qe5+ 35. Ka2 Rc3+ 36. Kb1 Rxc1+ 37. Kxc1 Qf4+ 38. Kc2 Qxf2+ 39. Kc3 Qxg2 40. Rd4 Qxh2 41. Nf1 Qf2 42. Nd2 Qe3+ 43. Rd3 Qc5+ 44. Kb2 h5 45. Rc3 Qb5+ 46. Kc2 h4 47. Nf3 Qe2+ 48. Kc1 Qxe4 49. a4 h3 50. a5 Qf4+ 51. Kb2 h2 52. Nxh2 Qxh2+ 53. Ka3 Qd6+ 54. Ka4 Be8+ 55. Kb3 Qd5+ 56. Kb4 Qd4+ 57. Rc4 Qb2+ 58. Kc5 Qb5+ 59. Kd4 Qxa5 60. Rc5 Qxc5+ 61. Kxc5 g5 62. Kd4 f5 63. Ke3 Bd7 64. Kf3 Kf6 65. Kg3 f4+ 66. Kf3 Kf5 67. Kf2 g4 68. Kg2 Ke4 69. Kf2 g3+ 70. Kg1 Bc6 71. Kf1 Ke3 72. Kg1 f3 73. Kf1 Kf4 74. Ke1 Bb5 75. Kd2 g2 76. Kc3 g1Q 77. Kb4 0-1

[Event "Titled Tuesday intern op 11th Apr Early"]
[Site "Chess.com INT"]
[Date "2023.04.11"]
[Round "8"]
[White "Zahmati, Sobhan"]
[Black "Liew, Chee Meng Jimmy"]
[Result "0-1"]
[WhiteElo "2123"]
[BlackElo "2154"]
[PlyCount "98"]
[EventDate "2023.04.11"]
[EventType "swiss (blitz)"]
[EventRounds "11"]
[EventCountry "USA"]
[SourceTitle "CBM 213 Extra"]
[Source "ChessBase"]
[SourceDate "2023.05.31"]
[SourceVersion "1"]
[SourceVersionDate "2023.05.31"]
[SourceQuality "1"]

1. Nf3 d5 2. g3 Nf6 3. Bg2 g6 4. 0-0 Bg7 5. d3 0-0 6. Nbd2 c5 7. e4 d4 8. Qe2 Nc6 9. a4 e5 10. h3 h6 11. Re1 Be6 12. Nf1 Qd7 13. g4 Ne8 14. Ng3 Nd6 15. Bd2 f5 16. exf5 gxf5 17. gxf5 Nxf5 18. Ne4 b6 19. Nh2 Nh4 20. Ng4 Nxg2 21. Kxg2 h5 22. Nh6+ Bxh6 23. Bxh6 Bxh3+ 24. Kh2 Bg4 25. Rg1 Kh7 26. f3 Rxf3 27. Ng5+ Kxh6 28. Nxf3 Qf5 29. Qd2+ Kh7 30. Ng5+ Kg6 31. Ne4 Qf4+ 32. Qxf4 exf4 33. Raf1 Rf8 34. Rf2 Ne7 35. Rgf1 Nd5 36. c3 Ne3 37. Rg1 Kh6 38. cxd4 cxd4 39. Nd2 Bc8 40. Rf3 Bg4 41. Rf2 Bd1 42. Kh1 Bxa4 43. Nf3 Bc6 44. Rc1 Rc8 45. Kg1 Rg8+ 46. Kh1 Bd5 47. Rc7 Rg3 48. Rfc2 Bxf3+ 49. Kh2 Nf1# 0-1

[Event "Titled Tuesday intern op 04th Apr Late"]
[Site "Chess.com INT"]
[Date "2023.04.04"]
[Round "1"]
[White "Arun, Siddharth"]
[Black "Zahmati, Sobhan"]
[Result "1-0"]
[WhiteElo "2055"]
[BlackElo "2123"]
[PlyCount "85"]
[EventDate "2023.04.04"]
[EventType "swiss (blitz)"]
[EventRounds "11"]
[EventCountry "USA"]
[SourceTitle "EXT 2024"]
[Source "ChessBase"]
[SourceDate "2023.10.10"]
[SourceVersion "1"]
[SourceVersionDate "2023.10.10"]
[SourceQuality "1"]

1. d4 Nf6 2. Nc3 d5 3. Bf4 g6 4. e3 Bg7 5. Nb5 Na6 6. h3 0-0 7. Nf3 c6 8. Nc3 Nc7 9. Be2 Re8 10. 0-0 a5 11. a4 Nd7 12. e4 dxe4 13. Nxe4 Nd5 14. Bh2 N7f6 15. Nxf6+ Nxf6 16. c3 Qb6 17. Qc2 Bf5 18. Bd3 Bd7 19. Rfb1 Rad8 20. b4 Nd5 21. bxa5 Qxa5 22. Rxb7 Nxc3 23. Bc7 Qa8 24. Rb3 Rc8 25. Be5 Nd5 26. Bxg7 Kxg7 27. Ne5 Be6 28. Bc4 Rc7 29. Qb2 Qa7 30. a5 f6 31. Nd3 Bf5 32. Nc5 e5 33. Na6 Rd7 34. dxe5 Rxe5 35. Nb8 Rc7 36. a6 Bc8 37. Nxc6 Rxc6 38. Rb7+ Bxb7 39. axb7 Rb6 40. Rxa7 Rxb2 41. b8Q+ Ne7 42. Qxb2 Re1+ 43. Kh2 1-0

[Event "Titled Tuesday intern op 04th Apr Early"]
[Site "Chess.com INT"]
[Date "2023.04.04"]
[Round "7"]
[White "Mortazavi, Ali"]
[Black "Zahmati, Sobhan"]
[Result "1-0"]
[WhiteElo "2333"]
[BlackElo "2123"]
[PlyCount "61"]
[EventDate "2023.04.04"]
[EventType "swiss (blitz)"]
[EventRounds "11"]
[EventCountry "USA"]
[SourceTitle "EXT 2024"]
[Source "ChessBase"]
[SourceDate "2023.10.10"]
[SourceVersion "1"]
[SourceVersionDate "2023.10.10"]
[SourceQuality "1"]

1. Nf3 d5 2. g3 Nd7 3. Bg2 e5 4. d3 Ngf6 5. 0-0 Be7 6. Nc3 d4 7. Nb1 0-0 8. c3 c5 9. Nbd2 Rb8 10. a4 a6 11. Nc4 b5 12. axb5 axb5 13. Ncxe5 Nxe5 14. Nxe5 Be6 15. Nc6 Qd7 16. Ra7 Rb7 17. Nxe7+ Qxe7 18. Rxb7 Qd6 19. Bf4 Qa6 20. Qa1 Ba2 21. cxd4 cxd4 22. Rb8 Qa4 23. Rxf8+ Kxf8 24. Rc1 g6 25. Rc8+ Kg7 26. Ra8 Qb3 27. Qxa2 Qd1+ 28. Bf1 Ng4 29. Qd5 Qe1 30. Qxd4+ f6 31. Qd7# 1-0

[Event "Titled Tuesday intern op 04th Apr Early"]
[Site "Chess.com INT"]
[Date "2023.04.04"]
[Round "2"]
[White "Zahmati, Sobhan"]
[Black "Kurmangaliyeva, Liya"]
[Result "1-0"]
[WhiteElo "2123"]
[BlackElo "2288"]
[PlyCount "39"]
[EventDate "2023.04.04"]
[EventType "swiss (blitz)"]
[EventRounds "11"]
[EventCountry "USA"]
[SourceTitle "EXT 2024"]
[Source "ChessBase"]
[SourceDate "2023.10.10"]
[SourceVersion "1"]
[SourceVersionDate "2023.10.10"]
[SourceQuality "1"]

1. d4 Nf6 2. Nf3 g6 3. Nc3 d5 4. Bf4 Bg7 5. Nb5 Na6 6. e3 0-0 7. h3 c6 8. Nc3 Nc7 9. Bd3 c5 10. dxc5 Ne6 11. Be5 Nxc5 12. Be2 e6 13. 0-0 Ncd7 14. Bd6 Re8 15. Nb5 Nb6 16. Bc7 Qd7 17. Ne5 Qe7 18. a4 Nfd7 19. Nf3 Nc5 20. Bd6 1-0

[Event "Titled Tuesday intern op 04th Apr Early"]
[Site "Chess.com INT"]
[Date "2023.04.04"]
[Round "10"]
[White "Zahmati, Sobhan"]
[Black "Shevtchenko, Olesya"]
[Result "1-0"]
[WhiteElo "2123"]
[BlackElo "2054"]
[PlyCount "95"]
[EventDate "2023.04.04"]
[EventType "swiss (blitz)"]
[EventRounds "11"]
[EventCountry "USA"]
[SourceTitle "EXT 2024"]
[Source "ChessBase"]
[SourceDate "2023.10.10"]
[SourceVersion "1"]
[SourceVersionDate "2023.10.10"]
[SourceQuality "1"]

1. d4 Nf6 2. Nf3 e6 3. Bf4 c5 4. e3 d5 5. c3 Bd6 6. dxc5 Bxc5 7. Bd3 Nc6 8. 0-0 0-0 9. Nbd2 Bd6 10. Bxd6 Qxd6 11. Nb3 e5 12. Bc2 e4 13. Nfd4 Ng4 14. g3 Qh6 15. h4 g5 16. f3 Nxe3 17. Qd2 Nxf1 18. Rxf1 f5 19. fxe4 dxe4 20. Nc5 Qd6 21. Qxg5+ Kh8 22. Nxc6 Qxc5+ 23. Nd4 Bd7 24. Bb3 Rae8 25. Qf4 Qe5 26. Qe3 Re7 27. Ne2 Bb5 28. c4 Bc6 29. Nf4 Rd8 30. Nh5 Rf8 31. c5 Rd7 32. Kh2 Bd5 33. Qh6 Qe7 34. Ba4 Rc7 35. b4 Bxa2 36. g4 Be6 37. g5 Rg8 38. Nf6 Rg6 39. Qh5 Rc8 40. Bc2 Rxf6 41. gxf6 Qxf6 42. Kh1 Rg8 43. Bxe4 Rf8 44. Bf3 Qe5 45. Qg5 Bd5 46. Kg2 Qe2+ 47. Rf2 Bxf3+ 48. Kg3 1-0

[Event "Titled Tuesday intern op 04th Apr Early"]
[Site "Chess.com INT"]
[Date "2023.04.04"]
[Round "4"]
[White "Zahmati, Sobhan"]
[Black "Tifferet, Shaked"]
[Result "0-1"]
[WhiteElo "2123"]
[BlackElo "2256"]
[PlyCount "78"]
[EventDate "2023.04.04"]
[EventType "swiss (blitz)"]
[EventRounds "11"]
[EventCountry "USA"]
[SourceTitle "EXT 2024"]
[Source "ChessBase"]
[SourceDate "2023.10.10"]
[SourceVersion "1"]
[SourceVersionDate "2023.10.10"]
[SourceQuality "1"]

1. d4 d5 2. Nf3 Nf6 3. Bf4 c6 4. g3 g6 5. Bg2 Bg7 6. 0-0 0-0 7. c4 dxc4 8. a4 a5 9. Na3 Be6 10. Ng5 Nd5 11. Nxe6 fxe6 12. Be5 Bxe5 13. dxe5 Qb6 14. Nxc4 Qb4 15. Qd3 Na6 16. e4 Nc5 17. Qe2 Nb6 18. Nxb6 Qxb6 19. Qe3 Nd7 20. Qc3 Qc5 21. Qb3 Qxe5 22. Qxb7 Nc5 23. Qxc6 Rab8 24. Rac1 Rfc8 25. Rxc5 Qxc5 26. Qxe6+ Kg7 27. b3 Rb6 28. Qg4 Rxb3 29. h4 Rf8 30. e5 Rb2 31. Qe4 Rfxf2 32. Rxf2 Qxf2+ 33. Kh2 Re2 34. Qd5 Re3 35. Qd1 Qxg3+ 36. Kg1 Re1+ 37. Qxe1 Qxe1+ 38. Kh2 Qxe5+ 39. Kh3 Qd4 0-1

[Event "Titled Tuesday intern op 28th Mar Late"]
[Site "Chess.com INT"]
[Date "2023.03.28"]
[Round "4"]
[White "Buchenau, Frank"]
[Black "Zahmati, Sobhan"]
[Result "0-1"]
[WhiteElo "2222"]
[BlackElo "2077"]
[PlyCount "50"]
[EventDate "2023.03.28"]
[EventType "swiss (blitz)"]
[EventRounds "11"]
[EventCountry "USA"]
[SourceTitle "EXT 2024"]
[Source "ChessBase"]
[SourceDate "2023.10.10"]
[SourceVersion "1"]
[SourceVersionDate "2023.10.10"]
[SourceQuality "1"]

1. e4 c5 2. Nf3 d6 3. Bb5+ Bd7 4. Bxd7+ Qxd7 5. c4 Nc6 6. d4 cxd4 7. Nxd4 Nf6 8. Nc3 g6 9. f3 Bg7 10. Be3 0-0 11. 0-0 Rac8 12. b3 a6 13. Qd3 Ne5 14. Qd2 Rfd8 15. Rac1 e6 16. Rfd1 d5 17. cxd5 exd5 18. f4 Rxc3 19. Qxc3 Nxe4 20. Qc7 Qxc7 21. Rxc7 Ng4 22. Bc1 Ngf2 23. Rd2 Nxd2 24. Kxf2 Bxd4+ 25. Ke2 Ne4 0-1

[Event "Titled Tuesday intern op 28th Mar Late"]
[Site "Chess.com INT"]
[Date "2023.03.28"]
[Round "5"]
[White "Zahmati, Sobhan"]
[Black "Mazurkiewicz, Michal"]
[Result "0-1"]
[WhiteElo "2077"]
[BlackElo "2145"]
[PlyCount "140"]
[EventDate "2023.03.28"]
[EventType "swiss (blitz)"]
[EventRounds "11"]
[EventCountry "USA"]
[SourceTitle "EXT 2024"]
[Source "ChessBase"]
[SourceDate "2023.10.10"]
[SourceVersion "1"]
[SourceVersionDate "2023.10.10"]
[SourceQuality "1"]

1. d4 Nf6 2. Nc3 d5 3. Bf4 Bf5 4. Nf3 c6 5. e3 e6 6. Be2 Bd6 7. Bg3 Bxg3 8. hxg3 0-0 9. Ne5 Nbd7 10. g4 Bg6 11. f4 Nxe5 12. dxe5 Ne4 13. Nxe4 Bxe4 14. 0-0 Qh4 15. Bf3 Rad8 16. c3 f6 17. exf6 Bxf3 18. Qxf3 Rxf6 19. g5 Rf7 20. Rad1 e5 21. g3 Qh3 22. Rd2 exf4 23. exf4 Re8 24. f5 Re5 25. Rdf2 g6 26. g4 Qh4 27. Qf4 Re4 28. Qb8+ Rf8 29. Qh2 Rxg4+ 30. Rg2 Qxh2+ 31. Kxh2 Rxg2+ 32. Kxg2 Rxf5 33. Re1 Rxg5+ 34. Kf3 Rf5+ 35. Kg4 Kg7 36. Re8 h5+ 37. Kg3 g5 38. Re6 Rf6 39. Re7+ Rf7 40. Re6 Kh7 41. Kg2 g4 42. Kg3 Rg7 43. Rf6 h4+ 44. Kxh4 g3 45. Rf1 g2 46. Rg1 Kg8 47. Kh3 Kf7 48. Rxg2 Rxg2 49. Kxg2 Ke6 50. Kf3 Ke5 51. Ke3 c5 52. Kd3 b5 53. a3 a5 54. b3 c4+ 55. bxc4 bxc4+ 56. Ke3 a4 57. Ke2 Ke4 58. Kd2 Kf3 59. Kc1 Ke3 60. Kc2 Ke2 61. Kc1 Kd3 62. Kb2 Kd2 63. Kb1 Kxc3 64. Ka2 Kc2 65. Ka1 d4 66. Ka2 d3 67. Ka1 d2 68. Ka2 c3 69. Ka1 d1Q+ 70. Ka2 Qb1# 0-1

[Event "Titled Tuesday intern op 28th Mar Late"]
[Site "Chess.com INT"]
[Date "2023.03.28"]
[Round "8"]
[White "Zahmati, Sobhan"]
[Black "Vafin, Ayrat"]
[Result "0-1"]
[WhiteElo "2077"]
[BlackElo "2302"]
[PlyCount "202"]
[EventDate "2023.03.28"]
[EventType "swiss (blitz)"]
[EventRounds "11"]
[EventCountry "USA"]
[SourceTitle "EXT 2024"]
[Source "ChessBase"]
[SourceDate "2023.10.10"]
[SourceVersion "1"]
[SourceVersionDate "2023.10.10"]
[SourceQuality "1"]

1. d4 d5 2. Nf3 Nf6 3. Bf4 c5 4. e3 Nc6 5. c3 g6 6. h3 Bg7 7. Nbd2 0-0 8. Bd3 Nd7 9. 0-0 e5 10. dxe5 Ndxe5 11. Be2 Be6 12. Qa4 Qb6 13. Nb3 Bd7 14. Qa3 c4 15. Nbd4 Nxf3+ 16. Bxf3 Nxd4 17. exd4 Bc6 18. Rfe1 Rfe8 19. Bd6 a6 20. Be7 Qc7 21. Re2 Bf8 22. Rae1 Bxe7 23. Rxe7 Rxe7 24. Rxe7 Qf4 25. Re3 Kg7 26. g3 Qf6 27. Qc5 Rd8 28. Kg2 Qd6 29. Qb6 Rd7 30. Re5 Qf6 31. Qc5 Qd6 32. Qa7 Re7 33. Rxe7 Qxe7 34. Qb6 h5 35. Qa7 h4 36. Qb8 hxg3 37. Qxg3 Qe6 38. h4 Kf8 39. Qb8+ Kg7 40. Qc7 Qf6 41. Qg3 Qf5 42. h5 Kh6 43. hxg6 Qxg6 44. Bg4 Qe4+ 45. Kh2 f6 46. Bf3 Qg6 47. Qf4+ Kg7 48. Qc7+ Kh6 49. Qd6 Qg5 50. Qf8+ Qg7 51. Qxg7+ Kxg7 52. Kg3 Kg6 53. Kf4 Kf7 54. Bh5+ Ke7 55. Bg6 Ba4 56. Bf5 Bc6 57. Bh7 Bd7 58. Bg8 Bc6 59. Kf5 Bd7+ 60. Kg6 Bc6 61. f4 b6 62. f5 a5 63. Be6 Bb7 64. Kh5 Bc6 65. Kg4 Bb7 66. Kf3 Bc6 67. Ke3 Bb7 68. b3 cxb3 69. axb3 b5 70. Kd2 Bc6 71. Kc2 Kd6 72. Kb2 Bd7 73. Bxd7 Kxd7 74. c4 dxc4 75. bxc4 bxc4 76. Kc3 Kd6 77. Kxc4 Kc6 78. d5+ Kd6 79. Kd4 a4 80. Kc4 a3 81. Kb3 Kxd5 82. Kxa3 Ke5 83. Kb4 Kxf5 84. Kc3 Kg4 85. Kd2 Kg3 86. Ke1 f5 87. Ke2 f4 88. Kf1 Kf3 89. Kg1 Ke2 90. Kg2 f3+ 91. Kg3 f2 92. Kg4 f1Q 93. Kg5 Qf3 94. Kg6 Qf4 95. Kg7 Qf5 96. Kh8 Qg5 97. Kh7 Ke3 98. Kh8 Ke4 99. Kh7 Ke5 100. Kh8 Kf6 101. Kh7 Qg7# 0-1

[Event "Asia-ch Amateur"]
[Site "Muscat"]
[Date "2022.10.02"]
[Round "5"]
[White "Zahmati, Sobhan"]
[Black "Dadabaev, Janybek"]
[Result "1-0"]
[WhiteElo "1926"]
[BlackElo "1902"]
[PlyCount "39"]
[EventDate "2022.09.29"]
[EventType "swiss"]
[EventRounds "9"]
[EventCountry "OMN"]
[SourceTitle "CBM 210 Extra"]
[Source "ChessBase"]
[SourceDate "2022.11.30"]
[SourceVersion "1"]
[SourceVersionDate "2022.11.30"]
[SourceQuality "1"]

1. d4 d5 2. Nf3 e6 3. g3 c5 4. dxc5 Bxc5 5. Bg2 Nf6 6. c4 d4 7. Nbd2 Nc6 8. Nb3 Bb4+ 9. Bd2 Be7 10. Bf4 Bb4+ 11. Kf1 0-0 12. Nfxd4 Qb6 13. Nxc6 bxc6 14. c5 Qb5 15. a3 Ba5 16. Nxa5 Qxa5 17. Bxc6 Ba6 18. b4 Qd8 19. Qxd8 Raxd8 20. Bd6 1-0

[Event "IRI-ch Online"]
[Site "Chess.com INT"]
[Date "2021.03.17"]
[Round "5"]
[White "Zahmati, Sobhan"]
[Black "Molaei, Mohammadamin"]
[Result "0-1"]
[WhiteElo "1979"]
[BlackElo "2325"]
[PlyCount "68"]
[EventDate "2021.03.15"]
[EventType "swiss (rapid)"]
[EventRounds "11"]
[EventCountry "IRI"]
[SourceTitle "CBM 201 Extra"]
[Source "ChessBase"]
[SourceDate "2021.05.31"]
[SourceVersion "1"]
[SourceVersionDate "2021.05.31"]
[SourceQuality "1"]

1. Nf3 c5 2. c4 g6 3. g3 Bg7 4. Bg2 Nc6 5. Nc3 d6 6. 0-0 e5 7. e3 Nge7 8. d4 exd4 9. exd4 Nxd4 10. Nxd4 cxd4 11. Nb5 Qb6 12. Re1 Be6 13. Bxb7 Rd8 14. Qa4 0-0 15. Ba6 Nc6 16. Bd2 Nb8 17. Nc7 Qxc7 18. Ba5 Qc5 19. Bxd8 Rxd8 20. b4 Qb6 21. b5 Nd7 22. Qb4 Ne5 23. Re2 d3 24. Re3 Nxc4 25. Rxe6 fxe6 26. Qxc4 Bxa1 27. Qxe6+ Kh8 28. Qe7 d2 29. Qe2 Qd4 30. Qd1 Re8 31. b6 Re1+ 32. Qxe1 dxe1Q+ 33. Bf1 Qdxf2+ 34. Kh1 Qexf1# 0-1

[Event "IRI-ch Online"]
[Site "Chess.com INT"]
[Date "2021.03.16"]
[Round "4"]
[White "Poormosavi, Seyed Kian"]
[Black "Zahmati, Sobhan"]
[Result "0-1"]
[WhiteElo "2255"]
[BlackElo "1979"]
[PlyCount "46"]
[EventDate "2021.03.15"]
[EventType "swiss (rapid)"]
[EventRounds "11"]
[EventCountry "IRI"]
[SourceTitle "CBM 201 Extra"]
[Source "ChessBase"]
[SourceDate "2021.05.31"]
[SourceVersion "1"]
[SourceVersionDate "2021.05.31"]
[SourceQuality "1"]

1. Nf3 Nf6 2. g3 g6 3. b4 Bg7 4. Bb2 0-0 5. Bg2 c5 6. bxc5 Nc6 7. 0-0 b6 8. cxb6 Qxb6 9. Bc3 d5 10. e3 Ba6 11. d3 Rfe8 12. Ne5 Rac8 13. Qd2 Ne4 14. dxe4 Bxf1 15. Nd7 Qc7 16. Kxf1 Qxd7 17. exd5 Ne5 18. Qe2 Qa4 19. f4 Nc4 20. Bxg7 Kxg7 21. Qd3 Qxc2 22. Qxc2 Nxe3+ 23. Kf2 Nxc2 0-1

[Event "IRI-ch U16"]
[Site "Chess.com INT"]
[Date "2021.01.16"]
[Round "6"]
[White "Abdollahabadi, Amir Hosien"]
[Black "Zahmati, Sobhan"]
[Result "1/2-1/2"]
[WhiteElo "1792"]
[BlackElo "1922"]
[PlyCount "132"]
[EventDate "2021.01.16"]
[EventType "swiss"]
[EventRounds "11"]
[EventCountry "IRI"]
[SourceTitle "EXT 2022"]
[Source "ChessBase"]
[SourceDate "2021.10.06"]
[SourceVersion "1"]
[SourceVersionDate "2021.10.06"]
[SourceQuality "1"]

1. d4 Nf6 2. c4 g6 3. f3 Bg7 4. e4 d6 5. Nc3 0-0 6. Be3 c5 7. dxc5 dxc5 8. Qxd8 Rxd8 9. Bxc5 Nc6 10. Rd1 Nd7 11. Be3 Nb4 12. a3 Nc2+ 13. Kf2 Nxa3 14. Bc5 Nc2 15. Bxe7 Re8 16. Bd6 Nf8 17. Nb5 Ne6 18. Ne2 a6 19. Nbc3 Bd7 20. e5 a5 21. Nd5 Ra6 22. Rd2 Na1 23. Nc1 a4 24. Be2 Kh8 25. h4 Bc6 26. Nb4 Ra5 27. Nd5 Bxd5 28. cxd5 Nf4 29. Bc4 Bxe5 30. Bxe5+ Rxe5 31. d6 Re8 32. d7 Rd8 33. Re1 Kg7 34. g3 Nh5 35. Re7 Rf5 36. g4 Rf4 37. Bd5 Nf6 38. Bxb7 Kf8 39. Re1 Rxd7 40. Rxd7 Nxd7 41. Nd3 Rd4 42. Be4 Nb3 43. Re2 Nf6 44. Ne5 Nxe4+ 45. fxe4 f6 46. Nf3 Rc4 47. g5 fxg5 48. Nxg5 h6 49. Ne6+ Ke7 50. Nf4 g5 51. Nd5+ Ke6 52. hxg5 hxg5 53. Kg3 Ke5 54. Kg4 Nc5 55. Nb6 Rb4 56. Nd5 Rd4 57. Nc3 Rc4 58. Re3 Nxe4 59. Kf3 g4+ 60. Kxg4 a3 61. Nxe4 Rxe4+ 62. Rxe4+ Kxe4 63. bxa3 Kd4 64. Kf4 Kc4 65. Ke4 Kb3 66. Kd4 Kxa3 1/2-1/2